[Event "Stay Safe Play From Home 131"]
[Site "T#645805Emanuel Laske"]
[Date "2020.05.07"]
[Round "8"]
[White "Little champs"]
[Black "Lazieri3"]
[Result "1-0"]
[WhiteElo "2159"]
[BlackElo "2008"]
[Annotator "TA"]
[PlyCount "97"]
[EventDate "2020.05.07"]
[EventType "swiss (blitz)"]

{[%evp 9,97,8,22,26,25,25,47,41,62,53,60,52,62,39,34,38,70,47,126,-22,0,-10,-6,-9,-9,-67,-11,-27,0,0,0,0,40,0,0,-58,-35,-64,9,7,8,7,7,0,16,-8,678,366,370,374,370,380,381,386,371,367,362,333,333,250,326,319,319,319,319,319,319,314,259,226,383,347,425,393,375,361,425,420,5093,5093,9581,8502,6027,6007,29986,29987,29992,29982,29982,29980]} 1. d4 c6 2. e3 d5 3. Nf3 Bf5 4. Bd3 Bxd3 5. cxd3 Nf6 6. Nc3 {D02: 1 d4 d5 2 Nf3 sidelines, including 2...Nf6 3 g3 and 2...Nf6 3 Bf4.} e6 7. e4 dxe4 8. dxe4 {White is slightly better.} Be7 9. O-O O-O {[#]} 10. a3 $146 ({Predecessor:} 10. Bg5 Nbd7 11. Qe2 Re8 12. Rad1 Nf8 13. h3 Ng6 14. Ne5 Nd7 15. Bxe7 Qxe7 16. Nxg6 hxg6 {0-1 (46) Livermore,R (1553)-McGregor,J (1803) Cardiff 2017}) 10... Nbd7 11. Qb3 Qb6 12. Qc2 c5 13. d5 exd5 (13... Bd6 $14) 14. exd5 (14. e5 $16) 14... Bd6 15. Re1 Rfe8 16. Bg5 h6 17. Bd2 (17. Bxf6 $11 Nxf6 18. Rad1) 17... c4 ({Better is} 17... Ne5 $15) 18. h3 (18. Rad1 {with more complications.} a6 19. Be3 Qc7 20. Bd4 Rad8 21. a4) 18... Qc5 19. Be3 Qa5 20. Rad1 Rac8 21. Kh1 (21. Nh4 {is interesting.} Bf8 22. Nf5 a6 23. Bd4 g6 24. Nh4) 21... Bc5 22. Qe2 ({White should try} 22. Nd4 $11) 22... Bxe3 $15 23. fxe3 b5 (23... Nc5 $15) 24. e4 $36 {[%mdl 2048] White has the initiative.} Ne5 25. Nxe5 Rxe5 26. Qd2 Rce8 27. d6 Nxe4 $2 {[%mdl 8192] [#] This move loses the game for Black.} (27... Qd8 $11) 28. d7 Nxd2 29. dxe8=Q+ Rxe8 30. Rxe8+ Kh7 31. Rxd2 b4 32. axb4 Qxb4 33. Re4 a5 34. Rf2 f6 35. Ree2 a4 36. Rc2 a3 37. bxa3 Qxa3 38. Kh2 Qd6+ 39. g3 Qd3 $2 {[#]} (39... h5 40. Ne2 Qd3) 40. Rfd2 $18 Qf3 41. Nd5 Qe4 42. Rc3 h5 43. h4 Kg6 (43... Kh6 $142 44. Nb6 Qe1 45. Nxc4 f5) 44. Nf4+ Kh7 45. Rdc2 Qe1 46. Rxc4 g5 47. hxg5 {White mates.} h4 48. gxh4 Qxh4+ 49. Nh3 {Accuracy: White = 72%, Black = 49%.} 1-0

[Event "Stay Safe Play From Home 131"]
[Site "T#645805Emanuel Laske"]
[Date "2020.05.07"]
[Round "8"]
[White "rohit2007"]
[Black "Haris kollari 13"]
[Result "1-0"]
[WhiteElo "2052"]
[BlackElo "1947"]
[Annotator "TA"]
[PlyCount "51"]
[EventDate "2020.05.07"]
[EventType "swiss (blitz)"]

{[%evp 17,50,14,21,16,33,25,49,35,31,34,46,0,56,49,94,89,131,85,218,158,218,113,283,256,249,204,202,186,182,133,29993,29994,29998,29999,29999]} 1. e4 e6 2. d4 d5 3. Nc3 Nf6 4. Bg5 Be7 5. e5 Nfd7 6. Bxe7 Qxe7 7. f4 a6 8. Nf3 c5 9. dxc5 Qxc5 10. Qd2 {C14: French: Classical System: 4 Bg5 Be7 main line.} b5 11. Bd3 Bb7 12. a3 {White is slightly better.} h6 13. Ne2 Nc6 {[#]} 14. Rd1 $146 ({Predecessor:} 14. h4 Nb6 15. b4 Qe7 16. Qe3 Nd7 17. Ned4 O-O 18. h5 Nxd4 19. Nxd4 f6 20. O-O fxe5 21. fxe5 Rxf1+ 22. Rxf1 {½-½ (56) Yildiz Kadioglu,B (2237)-Dogan,A (2099) Kemer 2011}) 14... Rc8 (14... a5 $11) 15. c3 $14 Ne7 16. Ned4 O-O 17. O-O Ng6 (17... Qc7 $16 {might work better.}) 18. Kh1 {aiming for Bxg6.} Ne7 (18... Rfe8 $16 {keeps fighting.} 19. Bxg6 fxg6) 19. Qf2 (19. g4 $18) 19... Nb6 $2 (19... Qc7 $16) 20. Qg3 Nc4 21. Nh4 {Black must now prevent f5.} Nxb2 {[#]} 22. f5 $1 {[%cal Rf5e6]} Nxd1 {[#]} 23. f6 $1 $40 {[%csl Gf6][%cal Rg3g7][%mdl 640] Black is in trouble.} Ng6 $4 {[%mdl 8192]} (23... g5 $16 24. Rxd1 Qxa3) 24. Nxg6 {White mates.} Ne3 25. Ne7+ Qxe7 26. Qxg7# {Accuracy: White = 63%, Black = 43%.} 1-0

[Event "Stay Safe Play From Home 131"]
[Site "T#645805Emanuel Laske"]
[Date "2020.05.07"]
[Round "8"]
[White "Sfantul321"]
[Black "Tumnik_ad"]
[Result "1-0"]
[WhiteElo "2042"]
[BlackElo "1881"]
[Annotator "TA"]
[PlyCount "115"]
[EventDate "2020.05.07"]
[EventType "swiss (blitz)"]

{[%evp 9,115,50,64,-41,-32,-30,-27,-48,-19,-20,-13,-29,3,-25,-28,-25,22,10,21,0,0,0,191,190,288,285,291,308,302,269,250,229,225,218,322,201,301,327,462,466,454,447,412,388,610,259,262,248,723,471,920,912,1045,1034,29964,1326,1543,1042,1032,1025,1008,954,1151,1108,2530,2469,1987,1220,4122,2075,29989,29973,29972,29974,29977,29971,29970,29968,29966,29965,5239,1322,29992,29993,29993,29994,29998,29995,29995,29994,29994,29995,29995,29995,29995,29995,29995,29995,29996,29996,29996,29997,29998,29997,29997,29998,29998,29999]} 1. c4 e6 2. Nc3 b6 3. e4 Bb7 4. f3 Nh6 5. d4 Bb4 6. Bxh6 {A10: English Opening: Unusual Replies for Black.} ({White should play} 6. h4 $14) 6... Qh4+ $15 7. g3 Qxh6 {[#]} 8. Qd2 $146 {Black has an edge.} ({Predecessor:} 8. Qc1 Qh5 9. Bg2 Nc6 10. Nge2 f5 11. Qe3 fxe4 12. fxe4 Na5 13. b3 O-O 14. Nf4 Qg5 15. O-O e5 16. dxe5 Bc5 {0-1 (16) Radzimirskiy,N-Korotchenkov,V (1639) Voronezh 2014}) 8... Qxd2+ 9. Kxd2 O-O 10. a3 Be7 11. Bd3 Nc6 12. Nge2 Na5 13. Kc2 f5 14. d5 {Black must now prevent b4.} fxe4 15. fxe4 {aiming for b4.} Rf2 $2 {Black is now going downhill.} (15... exd5 $11 {and Black has nothing to worry.} 16. exd5 Ba6) 16. b4 $18 exd5 (16... Nc6 $142) 17. cxd5 ({Much less strong is} 17. exd5 $6 Nc6 $18) 17... Nc6 18. dxc6 Bxc6 19. Rhf1 Raf8 20. Rxf2 Rxf2 21. Kb3 Rxh2 (21... Bf6 $142 22. Rd1 Kf8) 22. Bc4+ Kh8 (22... Kf8 $142 23. Rf1+ Ke8) 23. Rf1 {[#] Threatens to win with Rf7.} h5 (23... b5 {is a better defense.} 24. Nxb5 {[%mdl 64] Double Attack} Bxe4) 24. Rf7 Bd6 25. b5 Bb7 26. Rxd7 h4 (26... Rf2 $142 27. Nf4 Kh7) 27. e5 (27. Rd8+ $142 Kh7 28. gxh4) 27... Bxe5 28. Bd3 {[%cal Rd7d8] [#]} Bf6 $2 (28... g5 29. Nd5 Kg8) 29. gxh4 Rxh4 (29... Bc8 $142) 30. Rxc7 g5 31. Rxb7 g4 32. Rf7 (32. Nf4 $142 Rh6 33. Ng6+ Rxg6 34. Bxg6 Kg8 35. Nd5 Bg5 36. Rxa7 g3 37. Be4) 32... Bg7 33. Rf1 Rh3 34. Bf5 Rf3 35. Rh1+ Kg8 36. Bxg4 Rf2 37. Be6+ Kf8 38. Kc4 Ke7 39. Bd5 Kd6 40. Rg1 Bxc3 41. Nxc3 Rf4+ 42. Kd3 Rh4 43. Rg6+ Ke5 44. Re6+ Kf5 45. Re3 Rh3 46. Rxh3 {White mates.} Ke5 47. Rh7 Kd6 48. Rxa7 Kc5 49. Rc7+ Kd6 50. Rc6+ Ke5 51. Rxb6 Kf5 52. Re6 Kg5 53. b6 Kh5 54. b7 Kg5 55. b8=Q Kh5 56. Qf8 Kg5 57. Re7 Kh4 58. Rg7 {Accuracy: White = 57%, Black = 34%.} 1-0

[Event "Stay Safe Play From Home 131"]
[Site "T#645805Emanuel Laske"]
[Date "2020.05.07"]
[Round "8"]
[White "MartinKestler"]
[Black "Indianquant"]
[Result "1/2-1/2"]
[WhiteElo "1944"]
[BlackElo "2229"]
[Annotator "TA"]
[PlyCount "44"]
[EventDate "2020.05.07"]
[EventType "swiss (blitz)"]

{[%evp 9,44,8,15,-7,39,-4,30,16,29,29,27,0,0,0,0,0,12,11,14,11,4,-8,76,63,96,80,150,131,129,128,186,187,269,267,264,253,236]} 1. Nf3 Nf6 2. b3 g6 3. Bb2 Bg7 4. g3 O-O 5. Bg2 c5 6. O-O {A05: Réti Opening: 1 Nf3 Nf6.} Nc6 {6...d5 is the hot move. Played by Peter Svidler in April 2020.} 7. e3 {[#]} b6 $146 ({Predecessor:} 7... d5 8. Ne5 Qc7 9. Nxc6 bxc6 10. c4 dxc4 11. bxc4 Rb8 12. Bc3 Bf5 13. Qa4 Bd3 {1-0 (57) Moussard,J (2566)-Anurag,M (2484) Barcelona 2018}) 8. d4 {White has an edge.} cxd4 9. Nxd4 Bb7 10. Nxc6 Bxc6 11. Nd2 Bxg2 12. Kxg2 Qc7 13. c4 b5 14. Qf3 bxc4 15. Nxc4 a5 (15... d5 $11 16. Be5 Qc6) 16. Rac1 $16 d6 17. Rfd1 Qa7 (17... Qd8 $142) 18. Bd4 $36 {[%mdl 2048] Black is under strong pressure.} Qa6 19. Nb6 Rab8 (19... Rad8 $16) 20. Bxf6 $18 Qxb6 (20... Bxf6 $142 21. Nd7 {[%mdl 64] Double Attack} a4 22. Nxf8 (22. Nxf6+ exf6 23. Qxf6 axb3 $16) 22... Kxf8 23. bxa4 Qxa4) 21. Bxe7 {[%mdl 64] [#] Double Attack} Rfe8 22. Bxd6 Rbc8 {Accuracy: White = 84%, Black = 43%.} 1/2-1/2

[Event "Stay Safe Play From Home 131"]
[Site "T#645805Emanuel Laske"]
[Date "2020.05.07"]
[Round "8"]
[White "Nickless0"]
[Black "Kongle"]
[Result "1-0"]
[WhiteElo "1935"]
[BlackElo "1729"]
[Annotator "TA"]
[PlyCount "83"]
[EventDate "2020.05.07"]
[EventType "swiss (blitz)"]

{[%evp 9,82,17,24,25,28,41,64,12,47,60,85,82,168,113,120,97,98,76,60,27,94,61,58,-47,0,0,0,-22,-16,-32,-27,-32,-5,-7,0,-4,4,-15,6,0,0,-62,5477,5481,29996,29975,29975,29976,29972,29973,29981,29982,29980,29981,29972,29950,29985,29983,29988,29989,29992,29993,29993,29994,29994,29995,29995,29996,29996,29997,29997,29998,29998,29998,29999]} 1. e4 d5 2. exd5 Nf6 3. Nc3 Nxd5 4. d4 e6 5. Nf3 Bb4 6. Bd2 {[#] C11: French: Classical System: 4 e5 and 4 Bg5 dxe4.} Bxc3 $146 ({Predecessor:} 6... c5 7. Nxd5 Bxd2+ 8. Qxd2 Qxd5 9. dxc5 Qxc5 10. b4 Qc7 11. Bd3 Bd7 12. O-O Nc6 13. Qc3 {1-0 (50) Shirazi,K (2333)-Unuk,L (2248) Bled 2018}) 7. bxc3 O-O 8. c4 (8. Bd3 $14) 8... Nb6 9. Bd3 h6 10. O-O Qe7 (10... c5 $16) 11. Ne5 ({White should try} 11. Re1 $18) 11... c5 $16 12. c3 Nc6 13. Nxc6 bxc6 14. Qf3 cxd4 (14... Ba6 $11 {remains equal.}) 15. cxd4 Ba6 16. Qxc6 (16. Rac1 $14) 16... Rac8 (16... Bxc4 $5 17. Qe4 (17. Bxc4 Rfc8 $15) 17... Bxd3 18. Qxd3 Qd6 $15) 17. Qe4 {[%csl Gd3][%cal Re4h7] [#]} f5 18. Qe3 Bxc4 19. Qg3 Bxd3 20. Qxd3 Nc4 21. Bf4 Rfd8 22. Rac1 Nb6 23. Qg3 Rxc1 24. Rxc1 Kh7 25. Rc7 ({Better is} 25. Be5 $11) 25... Qf6 $2 {[%mdl 8192] This move loses the game for Black.} (25... Rxd4 $15 26. h3 Rd7) 26. Be5 $18 Rxd4 27. Qxg7+ {White mates.} Qxg7 28. Rxg7+ Kh8 29. Bxd4 {[%mdl 4096] Endgame} Nd5 30. Rxa7+ Kg8 31. Rg7+ Kf8 32. a4 {[%cal Ba2a4,Ba4a5][%mdl 32]} Nb4 33. a5 e5 34. Bxe5 Na6 35. Ra7 Nc5 36. Bd6+ {[%mdl 64] [#] Double Attack} Ke8 37. Bxc5 Kd8 38. Bb6+ Kc8 39. Rc7+ Kb8 40. a6 h5 41. Rh7 {[%cal Rh7h8]} h4 42. Rh8# {Accuracy: White = 67%, Black = 44%.} 1-0

[Event "Stay Safe Play From Home 131"]
[Site "T#645805Emanuel Laske"]
[Date "2020.05.07"]
[Round "8"]
[White "matanant"]
[Black "chessuliu"]
[Result "0-1"]
[WhiteElo "1791"]
[BlackElo "1669"]
[Annotator "NA RC"]
[PlyCount "58"]
[EventDate "2020.05.07"]
[EventType "swiss (blitz)"]

1. e4 {[%emt 0:00:05]} c5 {[%emt 0:00:02]} 2. Nf3 {[%emt 0:00:02]} e6 {[%emt 0:00:01]} 3. c3 {[%emt 0:00:01]} Nf6 {[%emt 0:00:02]} 4. e5 {[%emt 0:00:01]} Nd5 {[%emt 0:00:01]} 5. d4 {[%emt 0:00:00]} cxd4 {[%emt 0:00:01]} 6. cxd4 {[%emt 0:00:01]} Nc6 {[%emt 0:00:02]} 7. Bc4 {[%emt 0:00:02]} Nb6 {[%emt 0:00:02]} 8. Bb3 {[%emt 0:00:03]} d5 {[%emt 0:00:01]} 9. O-O {[%emt 0:00:03]} Be7 {[%emt 0:00:02]} 10. a3 {[%emt 0:00:02]} Bd7 {[%emt 0:00:01]} 11. Be3 {[%emt 0:00:06]} Rc8 {[%emt 0:00:07]} 12. Qd3 {[%emt 0:00:04]} Na5 {[%emt 0:00:10]} 13. Nbd2 {[%emt 0:00:02]} Nxb3 {[%emt 0:00:04]} 14. Nxb3 {[%emt 0:00:09]} Nc4 {[%emt 0:00:02]} 15. Rab1 {[%emt 0:00:04]} O-O {[%emt 0:00:04]} 16. Rfc1 {[%emt 0:00:02]} a6 {[%emt 0:00:12]} 17. Rc3 {[%emt 0:00:04]} Bb5 {[%emt 0:00:10]} 18. Qd1 {[%emt 0:00:02]} Nxe3 {[%emt 0:00:07]} 19. Rxc8 {[%emt 0:00:10]} Qxc8 {[%emt 0:00:04]} 20. fxe3 {[%emt 0:00:03]} Ba4 {[%emt 0:00:21]} 21. Nfd2 {[%emt 0:00:07]} Qd7 {[%emt 0:00:07]} 22. Rc1 {[%emt 0:00:15]} f6 {[%emt 0:00:09]} 23. exf6 {[%emt 0:00:29]} Rxf6 {[%emt 0:00:03]} 24. Rc3 {[%emt 0:00:03]} Qb5 {[%emt 0:00:17]} 25. Nf3 {[%emt 0:00:33] chessuliu reconnected.} Rf8 {[%emt 0:00:23]} 26. Qd3 {[%emt 0:00:18]} Qxd3 {[%emt 0:00:16]} 27. Rxd3 {[%emt 0:00:04]} Rc8 {[%emt 0:00:03]} 28. Kf2 {[%emt 0:00:04]} Rc2+ {[%emt 0:00:02]} 29. Kg3 {[%emt 0:00:01]} Rxb2 {[%emt 0:00:01] Time (Lag: Av=1.80s, max=30.3s)} 0-1

[Event "Stay Safe Play From Home 131"]
[Site "T#645805Emanuel Laske"]
[Date "2020.05.07"]
[Round "9"]
[White "Indianquant"]
[Black "Dukic"]
[Result "1-0"]
[WhiteElo "2217"]
[BlackElo "1785"]
[Annotator "TA"]
[PlyCount "45"]
[EventDate "2020.05.07"]
[EventType "swiss (blitz)"]

{[%evp 13,45,62,59,50,58,42,64,56,64,62,66,64,67,64,66,48,68,29,41,13,153,43,43,29,29,45,43,43,58,60,73,49,133,117]} 1. Nf3 d6 2. d4 Nd7 3. c4 e5 4. Nc3 Ngf6 5. e4 Be7 6. Be2 O-O 7. O-O Re8 8. Re1 {A55: Old Indian Defence with Nf3 and e4.} b6 9. Bf1 Bb7 10. d5 {White is slightly better.} Nf8 {[#]} 11. Rb1 $146 ({Predecessor:} 11. Bg5 Ng6 12. Nh4 Nxh4 13. Bxh4 Qd7 14. Bg3 g6 15. Be2 Bf8 16. Bh4 {1-0 (53) Marczukiewicz,J (2005)-Szwaj,J (1944) Mazowsze 2010}) 11... Ng6 12. g3 Bc8 13. b4 Bd7 14. h3 Qb8 15. Be3 h6 16. c5 a6 (16... Qc8 $11 {keeps the balance.}) 17. a4 (17. c6 $16 Bc8 18. Kg2) 17... Qc8 18. Kh2 {[#] Threatens to win with c6.} bxc5 19. bxc5 dxc5 20. Nd2 Rd8 21. Qc2 {[%mdl 1024] White has compensation.} Ne8 22. Nb3 Rb8 (22... c4 $14 23. Na5 Rb8) 23. Nxc5 {Accuracy: White = 74%, Black = 69%.} 1-0

[Event "Stay Safe Play From Home 131"]
[Site "T#645805Emanuel Laske"]
[Date "2020.05.07"]
[Round "9"]
[White "Shatarchin7"]
[Black "rohit2007"]
[Result "0-1"]
[WhiteElo "2057"]
[BlackElo "2064"]
[Annotator "TA"]
[PlyCount "80"]
[EventDate "2020.05.07"]
[EventType "swiss (blitz)"]

{[%evp 9,80,19,42,26,39,0,0,-5,20,0,0,0,-4,0,-5,-3,9,8,20,17,22,0,45,-63,-62,-75,-66,-101,-48,-29,-28,-47,-39,-86,0,0,0,0,0,-68,-64,-98,-45,-75,-45,-43,-22,-35,-37,-36,-31,-79,-34,-35,-40,-41,-26,-26,-25,-31,-23,-64,0,-31,16,-23,-25,-134,-125,-29975,-29975,-29989,-29989]} 1. Nf3 c5 2. e3 g6 3. c4 Bg7 4. Nc3 e6 5. d4 cxd4 6. exd4 {A34: Symmetrical English: 2 Nc3, lines with ...d5.} d5 7. Qb3 {[%cal Rc4d5]} Ne7 8. cxd5 {The position is equal.} Nxd5 (8... O-O {seems wilder.} 9. dxe6 Bxe6 10. Bc4 Bxc4 11. Qxc4 Nbc6) 9. Nxd5 exd5 {[#]} 10. Be2 $146 ({Predecessor:} 10. Bb5+ Nc6 11. O-O O-O 12. Bxc6 bxc6 13. Bf4 Re8 14. Rfe1 Re4 15. Be5 {½-½ (15) Windel,C-Lengerer,P Dresden 1998}) 10... O-O 11. O-O Nc6 12. Be3 b6 13. Rac1 Na5 14. Qa4 Bd7 15. Qa3 Rc8 (15... Nc4 $5 {[%cal Rc4a3]} 16. Bxc4 dxc4 $11) 16. b4 (16. Ne5 $14) 16... Nc4 $15 17. Qb3 {[%cal Re2c4]} b5 18. Ne1 Nxe3 (18... Re8 $17 19. Nf3 a5 20. bxa5 Qxa5) 19. Rxc8 Qxc8 20. fxe3 Re8 21. Bf3 Qc4 (21... Bh6 $17 22. Bxd5 Bxe3+ 23. Kh1 Be6) 22. Bxd5 $11 {[%mdl 64] [#] Double Attack} Qxb3 23. Bxb3 Rxe3 24. Nc2 (24. Bxf7+ $11 Kh8 25. Nf3) 24... Re7 $15 25. d5 {[#] And now d6 would win.} Bf5 ({Better is} 25... Be5 $1 $17) 26. h3 Rd7 27. Rd1 Bf8 28. Nd4 Bxb4 29. Nxf5 gxf5 {[%mdl 4096] Endgame KRB-KRB} 30. Rf1 a5 31. Rxf5 a4 32. Bc2 Rc7 33. Bd3 Rc1+ 34. Kf2 Bc5+ 35. Ke2 b4 (35... Ra1 $15 36. Bxb5 Rxa2+ 37. Kd3 a3) 36. Rf4 b3 (36... Ra1 $5 37. Bc4 $8 Rc1 $11) 37. axb3 axb3 38. Rc4 (38. Ra4 $11) 38... b2 $17 {White must now prevent ...Rxc4.} 39. Kd2 $2 {[%mdl 8192]} (39. Rg4+ $17 Kf8 40. Bxh7) 39... Rxc4 {[%mdl 64] Overworked Piece} 40. Bxc4 b1=Q {Accuracy: White = 45%, Black = 65%.} 0-1

[Event "Stay Safe Play From Home 131"]
[Site "T#645805Emanuel Laske"]
[Date "2020.05.07"]
[Round "9"]
[White "Sfantul321"]
[Black "Little champs"]
[Result "1-0"]
[WhiteElo "2052"]
[BlackElo "2169"]
[Annotator "TA"]
[PlyCount "87"]
[EventDate "2020.05.07"]
[EventType "swiss (blitz)"]

{[%evp 9,87,49,45,50,76,17,18,18,52,23,15,12,8,-7,0,0,0,-45,-40,-47,-47,-47,-41,-45,-39,-65,-66,-98,-47,-109,-70,-70,-50,-140,-87,-137,-122,-137,-112,-143,-89,-172,-104,-363,-202,-175,-87,-197,-141,-203,-161,-280,437,-160,-146,-277,-281,-285,-279,-267,-259,-243,-200,-933,-212,-163,0,-29976,-29975,-29984,0,-5402,29993,29994,29994,29995,29996,29997,29997,29998]} 1. c4 Nf6 2. Nc3 e6 3. e4 d6 4. d4 Be7 5. f4 O-O 6. Nf3 {A18: English Opening: Flohr-Mikenas System (1 c4 Nf6 2 Nc3 e6 3 e4).} c5 7. Bd3 (7. d5 $16) 7... cxd4 8. Nxd4 {The position is equal.} Nc6 {[#]} 9. Nxc6 $146 ({Predecessor:} 9. Nf3 Qc7 10. O-O a6 11. Qe2 e5 12. f5 Nd4 13. Qf2 b5 14. Nd5 Nxd5 15. cxd5 Nxf3+ 16. Qxf3 Qd8 17. Qg3 Kh8 18. Be3 Bd7 19. Rac1 Rc8 {½-½ (19) Kourkounakis,I (2400)-Amendola,K (2200) Kavala 1995}) 9... bxc6 10. O-O e5 11. f5 d5 12. cxd5 cxd5 13. Bg5 d4 $36 {[%mdl 2048] Black has good play.} 14. Bxf6 Bxf6 15. Nd5 Bb7 16. Nxf6+ Qxf6 17. Rc1 Rac8 18. Qg4 h6 (18... Rxc1 $17 19. Rxc1 Qh6) 19. h4 (19. Qe2 $15) 19... Kh8 20. b3 Rc3 21. Bc4 (21. Rxc3 $15 dxc3 22. Kh2) 21... Re3 (21... Rd8 $142 22. Rcd1 Rc8) 22. Rce1 Rxe1 $1 23. Rxe1 Rd8 24. Rd1 Kh7 (24... Ba6 $142 25. Qg3 Bxc4 26. bxc4 Rc8) 25. Rd3 {[#]} (25. Kh2 $17) 25... Rc8 ({Better is} 25... Ba6 $1 $19 26. Bxa6 Qxa6 {[%mdl 64] Double Attack}) 26. Qh5 $2 {[%mdl 8192]} (26. Kh2 $17) 26... Rc7 (26... Bxe4 $142 27. Rd1 Rc7) 27. Qg4 $19 Bc8 (27... Ba6 $19 {is more deadly.} 28. Bxa6 Qxa6) 28. Qg3 {[#]} (28. Rg3 $17) 28... Rc5 (28... Ba6 $1 $19 29. Bxa6 (29. Rxd4 $2 Qb6 $19 {[%mdl 64] Pin}) 29... Qxa6) 29. a4 (29. Rf3 $17) 29... a5 30. Qf2 (30. Rf3 $142) 30... g6 $4 {[%mdl 8192]} (30... Ba6 $19 {and all is fine.} 31. Bxa6 Qxa6) 31. g4 $2 (31. fxg6+ $18 Qxg6 32. Rg3 (32. Qxf7+ Qxf7 33. Bxf7 Bb7 $15) 32... Rxc4 33. bxc4) 31... gxf5 $17 32. gxf5 (32. exf5 $17 {was the only chance.} Bb7 33. Qg3) 32... Ba6 $19 33. Bxa6 Qxa6 {[%mdl 4096] Endgame KQR-KQR} 34. Rg3 Rc1+ 35. Kh2 {[#]} Qf6 $1 {[%mdl 512]} 36. Rg4 $2 (36. Rg2) 36... Rc3 $2 (36... d3 37. Kh3 Qd8) 37. Qb2 Qc6 $2 (37... Qb6 $19 38. Qg2 Qd8) 38. Qa3 $2 {[%mdl 8192]} (38. Qg2 $11 Qf6 39. Qf2) 38... Rc2+ 39. Kh3 Rc3+ (39... Qc3+ $142 40. Rg3 Qe1 41. Qf8 Qh1+ 42. Kg4 Qxe4+ 43. Kh5 Qxf5+ 44. Rg5 hxg5 45. Qh6+ Kg8 46. Qxg5+ Qxg5+ 47. Kxg5 d3 48. h5 d2 49. h6 d1=Q 50. h7+ Kxh7 51. Kf6 Qd6+ 52. Kf5 Qe6+ {[%mdl 64] Double Attack} 53. Kg5 Rg2+ 54. Kh5 Qh6#) 40. Kh2 d3 $4 {[%mdl 8192]} (40... h5 $19 41. Rg5 Rc2+ 42. Kg1 Rc1+ 43. Kh2 Qc2+ 44. Rg2 Qb1 45. Qxc1 Qxc1) 41. Qf8 {[%csl Gg4][%cal Rf8g8] White mates.} Rc2+ 42. Kh3 {[%csl Gg4][%cal Rf8g8]} Rh2+ 43. Kxh2 {[%csl Gg4][%cal Rf8g8]} Qc2+ 44. Kh3 {Quite a comeback for White. Accuracy: White = 31%, Black = 41%.} 1-0

[Event "Stay Safe Play From Home 131"]
[Site "T#645805Emanuel Laske"]
[Date "2020.05.07"]
[Round "9"]
[White "Haris kollari 13"]
[Black "MartinKestler"]
[Result "0-1"]
[WhiteElo "1935"]
[BlackElo "1955"]
[Annotator "TA"]
[PlyCount "122"]
[EventDate "2020.05.07"]
[EventType "swiss (blitz)"]

{[%evp 9,122,50,59,41,61,31,63,70,58,40,35,38,36,35,59,51,58,58,53,-4,31,19,31,0,0,-16,0,-12,179,0,0,-117,-9,-57,-59,-147,-151,-215,-210,-216,-164,-172,-174,-165,-166,-186,-184,-180,-170,-131,-135,-218,-196,-230,-187,-227,-114,-203,-79,-79,-41,-303,-8,-1171,-943,-1229,-247,-1302,-951,-538,-468,-2653,0,-1543,0,-1366,0,-5527,-5527,-29982,-29983,-29983,-29981,-29982,-29983,-29983,-29984,-29984,-29985,-29985,-29986,-29986,-29987,-29987,-29988,-29989,-29990,-29990,-29991,-29991,-29992,-29992,-29993,-29993,-29994,-29996,-29995,-29995,-29993,-29995,-29992,-29994,-29992,-29994,-29993]} 1. e4 d6 2. d4 e5 3. dxe5 dxe5 4. Qxd8+ Kxd8 5. Nf3 Bd6 6. Nc3 {B07: Pirc Defence: Miscellaneous Systems.} Be6 7. Be3 {[#]} a6 $146 ({Predecessor:} 7... Nf6 8. O-O-O Ng4 9. Bg5+ f6 10. Bh4 Nd7 11. h3 Nh6 12. Nb5 Nf7 13. a3 a6 14. Nxd6 Nxd6 15. Be2 b5 16. Rhe1 {0-1 (36) Oropeza,D (1943)-Guerrero Vargas,J Valencia 2018}) 8. O-O-O {White is slightly better.} Ke7 9. Nd5+ Bxd5 $1 10. exd5 h6 11. c4 b6 12. Nd2 Nd7 13. Bd3 g6 14. f4 (14. Rhe1 $14) 14... f5 15. fxe5 Nxe5 16. Be2 Nf6 17. Bd4 Rhf8 18. Rhe1 {Black must now prevent c5!} Kd7 $2 {[#]} (18... Kf7 $11 {and Black has nothing to worry.}) 19. Nf3 $2 (19. b4 $1 $18 {[%mdl 512]}) 19... Rae8 $11 20. Bd3 (20. Kc2 $11) 20... Nxf3 ({Black should try} 20... Nxd3+ $17 21. Rxd3 Rxe1+ 22. Nxe1 Bxh2) 21. Rxe8 Rxe8 ({Of course not} 21... Nxd4 $6 22. Rxf8 Bxf8 23. Bf1 $11) 22. Bxf6 ({White must play} 22. gxf3 $15 Nh5 23. h4) 22... Nxh2 $17 23. a3 (23. c5 $17 Bf4+ 24. Kc2 bxc5 25. Bxa6) 23... Ng4 $19 24. Bd4 Bf4+ 25. Kc2 Be3 26. Bc3 Nf2 27. Re1 Nxd3 28. Kxd3 Bg5 29. Rxe8 Kxe8 {[%mdl 4096] Endgame KB-KB} 30. Be5 (30. a4 $17 {is a better defense.}) 30... Kd7 31. b4 Be7 32. Kd4 g5 (32... h5 $19 33. c5 g5 34. c6+ Kd8) 33. c5 {[#]} (33. Bg7 $17) 33... bxc5+ (33... h5 $1 $19 {and Black stays clearly on top.} 34. c6+ Kd8) 34. bxc5 $17 h5 {...c6 is the strong threat.} 35. a4 $2 {[%mdl 8192]} ({White has to play} 35. c6+ $15 Kc8 36. a4) 35... h4 $2 (35... c6 $19 36. d6 Bd8) 36. Bh2 $2 {[%mdl 8192]} (36. c6+ $11 Kd8 37. Ke3) 36... Bf6+ $19 37. Kc4 g4 $2 (37... c6 38. d6 g4) 38. Bf4 $2 (38. c6+ Kc8 39. Kd3) 38... h3 39. gxh3 gxh3 40. Kd3 (40. c6+ $142 Kc8 41. Kd3) 40... Be7 $2 (40... c6 $19 41. d6 Bb2) 41. Kd4 $2 {[%mdl 8192]} (41. c6+ $11 Kc8 42. Ke2) 41... Bf6+ 42. Kd3 $1 {intending c6+.} Bh4 $2 (42... c6 $19 43. dxc6+ Kxc6) 43. Kd4 $2 {[%mdl 8192]} (43. c6+ $11 Kc8 44. Ke2) 43... Bf2+ 44. Ke5 Bxc5 {Black mates.} 45. Kxf5 Bg1 46. Kg4 h2 47. Bxh2 Bxh2 {KB-KPP} 48. Kf5 Kd6 49. Ke4 Be5 50. a5 Bg7 51. Kf5 Kxd5 {KB-KP} 52. Kg6 c5 53. Kxg7 {KPP-KP} c4 54. Kg6 c3 55. Kf5 c2 56. Kf6 c1=Q 57. Ke7 Qc8 58. Kf6 Kc5 59. Ke5 Kb5 60. Kd5 Kxa5 61. Kd6 Kb4 {Accuracy: White = 39%, Black = 52%.} 0-1